[Event "C.to Provinciale KR"]
[Site "Cutro ITA"]
[Date "2012.02.26"]
[Round "5"]
[White "Mano, Vincenzo"]
[Black "Guzzo, Giovanni"]
[Result "0-1"]
[WhiteElo "1862"]
[BlackElo "1714"]
[PlyCount "135"]
[EventDate "2012.02.24"]

1. c4 e6 2. d4 d5 3. Nc3 c5 4. e3 Nf6 5. Nf3 a6 6. Be2 Bd6 7. O-O O-O 8. b3 Nc6
9. Bb2 h6 10. Na4 cxd4 11. Nxd4 Nxd4 12. Bxd4 dxc4 13. Bb6 Qe7 14. Bxc4 Bd7 15.
f3 Bc6 16. Qe2 Nd7 17. Bd3 Bxa4 18. Bd4 Bc6 19. Rad1 Ne5 20. Bb1 Bb5 21. Qc2
Ng6 22. Rf2 Rac8 23. Qb2 e5 24. Bc3 Rc6 25. Ba5 Rcc8 26. Bf5 Rb8 27. g3 Bc5 28.
Re1 Bb4 29. Bxb4 Qxb4 30. Rc1 Qe7 31. Rfc2 Bc6 32. Kf2 Qf6 33. Bg4 Qe7 34. Rc5
f6 35. Qc2 Nh8 36. Qc4+ Nf7 37. Bf5 Rbd8 38. Rc2 Kh8 39. Bg6 Nd6 40. Qe2 f5 41.
h4 Qf6 42. h5 f4 43. exf4 exf4 44. g4 Qd4+ 45. Kg2 Nf7 46. R5c3 Ng5 47. a4 Qd1
48. Qf2 Bxf3+ 49. Rxf3 Nxf3 50. Qxf3 Rd2+ 51. Rxd2 Qxd2+ 52. Qf2 Qd5+ 53. Qf3
Rd8 54. Qxd5 Rxd5 55. Be4 Rd7 56. Kf3 Kg8 57. Kxf4 Kf7 58. Ke5 a5 59. Bd5+ Ke7
60. Bc4 Rd6 61. Bg8 g5 62. hxg6 Rxg6 63. Bd5 b6 64. Kf4 Rg5 65. Bc4 Kd6 66. Bf7
Kc5 67. Bc4 Kb4 68. Kg3 0-1

[Event "C.to Provinciale KR"]
[Site "Cutro ITA"]
[Date "2012.02.26"]
[Round "5"]
[White "Olivo, Gaetano"]
[Black "Olivo, Paolo"]
[Result "1-0"]
[WhiteElo "1550"]
[BlackElo "1804"]
[PlyCount "65"]
[EventDate "2012.02.24"]

1. e4 g6 2. Nf3 Bg7 3. Bc4 Nf6 4. e5 Ng4 5. d4 O-O 6. h3 Nh6 7. Nc3 e6 8. Bg5
Qe8 9. Qd2 Nf5 10. g4 Ne7 11. Ne4 d5 12. exd6 cxd6 13. Nxd6 Qc6 14. Bxe7 Qxf3
15. Rh2 Nc6 16. Bxf8 Kxf8 17. c3 Na5 18. Qe3 Qc6 19. Qg5 Qxd6 20. Qxa5 b6 21.
Qa3 Qxa3 22. bxa3 Bb7 23. O-O-O Rc8 24. Bb3 Rxc3+ 25. Kb2 Rc7 26. f4 Rd7 27.
Rhd2 Bf3 28. Rf1 Rxd4 29. Rxd4 Bxd4+ 30. Kc1 Bg2 31. Rd1 Be3+ 32. Kc2 Bxh3 33.
Rd3 1-0

[Event "C.to Provinciale KR"]
[Site "Cutro ITA"]
[Date "2012.02.26"]
[Round "5"]
[White "Proietto, Francesco"]
[Black "Grillo, Gianluca"]
[Result "0-1"]
[WhiteElo "1419"]
[BlackElo "1308"]
[PlyCount "88"]
[EventDate "2012.02.24"]

1. d4 Nf6 2. c4 d5 3. Nc3 g6 4. Nf3 Bg7 5. e3 O-O 6. Bd3 Be6 7. b3 Nc6 8. Bd2
Nb4 9. Bb1 dxc4 10. bxc4 Bxc4 11. Qa4 a5 12. a3 Nd3+ 13. Bxd3 Bxd3 14. Ne5 Bf5
15. O-O Ne4 16. Nf3 Nxd2 17. Nxd2 e5 18. Nf3 e4 19. Nd2 c6 20. Ncxe4 b5 21. Qd1
b4 22. axb4 axb4 23. g4 Bxe4 24. Nxe4 Qd5 25. Qd3 b3 26. Rab1 Ra3 27. g5 Rb8
28. Rb2 Ra2 29. Nc3 Qxg5+ 30. Kh1 Rxb2 31. Na4 Ra2 32. Nc3 Ra3 33. Nb1 Ra1 34.
e4 b2 35. d5 cxd5 36. exd5 Be5 37. d6 Rd8 38. d7 Qf5 39. Qd1 Rxd7 40. Qe1 Rxb1
41. Qxb1 Qxb1 42. Rxb1 Rd2 43. Kg1 Bd4 44. Kf1 Bxf2 0-1

[Event "C.to Provinciale KR"]
[Site "Cutro ITA"]
[Date "2012.02.26"]
[Round "5"]
[White "Virelli, Salvatore"]
[Black "Morelli, Gaetano"]
[Result "0-1"]
[WhiteElo "1455"]
[BlackElo "1870"]
[PlyCount "86"]
[EventDate "2012.02.24"]

1. e4 e5 2. Nf3 Nc6 3. Bb5 a6 4. Bxc6 dxc6 5. d4 exd4 6. Qxd4 Bg4 7. Qe5+ Qe7
8. Qxe7+ Bxe7 9. Ne5 Be6 10. O-O Nf6 11. Re1 Rd8 12. Bg5 Nxe4 13. Be3 Bf6 14.
Nd3 Rxd3 15. cxd3 Bxb2 16. Nd2 Bxa1 17. Nxe4 Bf6 18. Nxf6+ gxf6 19. Bd4 Ke7 20.
f4 Rd8 21. Bc5+ Kd7 22. a3 b6 23. Bb4 c5 24. Bc3 Kc6 25. Re3 Bf5 26. Bxf6 Rxd3
27. Re5 Rd5 28. Re7 Be6 29. h4 Rd7 30. Re8 h5 31. Rh8 Bg4 32. Be5 Kb5 33. Re8
Ka4 34. Ra8 a5 35. Ra7 Kxa3 36. Rxc7 Rxc7 37. Bxc7 b5 38. Bxa5 b4 39. Bb6 c4
40. Kf2 b3 41. Bd4 b2 42. Bxb2+ Kxb2 43. Ke1 c3 0-1